[Event "GER-chT U20"]
[Site "Borken"]
[Date "2016.12.29"]
[Round "6.4"]
[White "Bohnert, Dominik"]
[Black "Perekhozhuk, Maksym"]
[Result "1-0"]
[WhiteElo "2065"]
[BlackElo "1881"]
[PlyCount "101"]
[EventDate "2016.12.27"]
[EventType "team-swiss"]
[EventRounds "7"]
[EventCountry "GER"]
[SourceTitle "EXT 2018"]
[Source "ChessBase"]
[SourceDate "2017.10.13"]
[SourceVersion "1"]
[SourceVersionDate "2017.10.13"]
[SourceQuality "1"]
[WhiteTeam "Sasbach"]
[BlackTeam "Halle USV"]
[WhiteTeamCountry "GER"]
[BlackTeamCountry "GER"]

1. b3 d5 2. Bb2 Bg4 3. f3 Bh5 4. e3 e6 5. Be2 Nd7 6. f4 Bxe2 7. Qxe2 Ngf6 8. Nf3 Bd6 9. 0-0 Qe7 10. Ne5 0-0 11. d3 Ne8 12. Nd2 f6 13. Nxd7 Qxd7 14. e4 c5 15. exd5 exd5 16. f5 Nc7 17. Qh5 Be5 18. Bxe5 fxe5 19. Rae1 Rae8 20. g4 Re7 21. Nf3 Qd6 22. Nh4 Ne8 23. g5 g6 24. fxg6 Rxf1+ 25. Rxf1 hxg6 26. Qxg6+ Qxg6 27. Nxg6 Re6 28. Nh4 Nd6 29. Nf5 e4 30. Nxd6 Rxd6 31. Re1 exd3 32. cxd3 b5 33. Rc1 Rc6 34. Kg2 a5 35. Kf3 a4 36. bxa4 b4 37. Ke3 c4 38. h4 d4+ 39. Kd2 c3+ 40. Kc2 Re6 41. Kb3 Re2 42. Rc2 Re1 43. a3 bxa3 44. Ra2 Rd1 45. a5 Rd2 46. a6 Rxa2 47. a7 c2 48. a8Q+ Kh7 49. Qb7+ Kg6 50. Qc6+ Kh5 51. Kxa2 1-0

[Event "GER-chT U20"]
[Site "Borken"]
[Date "2016.12.29"]
[Round "5.4"]
[White "Wanner, Lukas"]
[Black "Bohnert, Dominik"]
[Result "1-0"]
[WhiteElo "2009"]
[BlackElo "2065"]
[PlyCount "53"]
[EventDate "2016.12.27"]
[EventType "team-swiss"]
[EventRounds "7"]
[EventCountry "GER"]
[SourceTitle "EXT 2018"]
[Source "ChessBase"]
[SourceDate "2017.10.13"]
[SourceVersion "1"]
[SourceVersionDate "2017.10.13"]
[SourceQuality "1"]
[WhiteTeam "Kiel Doppelbauer"]
[BlackTeam "Sasbach"]
[WhiteTeamCountry "GER"]
[BlackTeamCountry "GER"]

1. e4 b6 2. d4 Bb7 3. Bd3 e6 4. c3 d5 5. e5 c5 6. f4 Nc6 7. Nf3 Qd7 8. 0-0 g6 9. Be3 a6 10. Nbd2 c4 11. Bc2 Nge7 12. g4 h5 13. h3 hxg4 14. hxg4 0-0-0 15. Ng5 Bh6 16. Nxf7 Nf5 17. gxf5 Qxf7 18. f6 Nxe5 19. dxe5 d4 20. cxd4 Bxf4 21. Rxf4 Qh7 22. Nf3 Rxd4 23. Bxd4 Qh3 24. Kf2 g5 25. Qh1 Qxh1 26. Rxh1 Rxh1 27. f7 1-0

[Event "Verbandsliga Suedbaden 1617"]
[Site "Baden"]
[Date "2016.10.23"]
[Round "2.4"]
[White "Bohnert, Dominik"]
[Black "Fruehe, Norbert"]
[Result "1-0"]
[WhiteElo "2027"]
[BlackElo "1932"]
[PlyCount "63"]
[EventDate "2016.10.09"]
[EventType "team-tourn"]
[EventRounds "9"]
[EventCountry "GER"]
[SourceTitle "EXT 2022"]
[Source "ChessBase"]
[SourceDate "2021.10.06"]
[SourceVersion "1"]
[SourceVersionDate "2021.10.06"]
[SourceQuality "1"]
[WhiteTeam "Sasbach"]
[BlackTeam "Hoerden"]
[WhiteTeamCountry "GER"]
[BlackTeamCountry "GER"]

1. b3 e5 2. Bb2 Nc6 3. e3 d6 4. Nf3 Bg4 5. Be2 Be7 6. Nxe5 dxe5 7. Bxg4 Nf6 8. Be2 0-0 9. d3 Bd6 10. e4 Nd7 11. Bg4 Nd4 12. 0-0 f5 13. Bxd4 fxg4 14. Be3 Qh4 15. Nc3 Nc5 16. Ne2 Ne6 17. Ng3 g6 18. Qd2 Rf7 19. f3 gxf3 20. Rxf3 Rxf3 21. gxf3 Rf8 22. Rf1 Nf4 23. Kh1 Qh3 24. Rf2 Be7 25. Bxf4 Rxf4 26. Qe2 Bg5 27. Rg2 Rh4 28. Nf5 gxf5 29. Rxg5+ Kh8 30. exf5 e4 31. dxe4 Rf4 32. Rg3 1-0

[Event "Wasselonne op 20th"]
[Site "Wasselonne"]
[Date "2016.08.04"]
[Round "2"]
[White "Bohnert, Dominik"]
[Black "Haub, Thorsten Michael"]
[Result "0-1"]
[WhiteElo "2028"]
[BlackElo "2366"]
[PlyCount "132"]
[EventDate "2016.08.04"]
[EventType "swiss"]
[EventRounds "7"]
[EventCountry "FRA"]
[SourceTitle "EXT 2017"]
[Source "ChessBase"]
[SourceDate "2016.10.25"]
[SourceVersion "1"]
[SourceVersionDate "2016.10.25"]
[SourceQuality "1"]

1. e4 g6 2. Nc3 Bg7 3. Bc4 e6 4. d3 Ne7 5. a3 a6 6. f4 d5 7. Ba2 dxe4 8. Nxe4 b6 9. Nf3 Nd7 10. 0-0 0-0 11. Qe1 Nf5 12. Rb1 Bb7 13. Bd2 Bd5 14. Bxd5 exd5 15. Ng3 Re8 16. Qf2 Nxg3 17. Qxg3 Qe7 18. Kh1 Qd6 19. Qh4 f5 20. Qf2 d4 21. Rbe1 c5 22. Rxe8+ Rxe8 23. Re1 Re7 24. Rxe7 Qxe7 25. Qe1 Qxe1+ 26. Bxe1 Nf6 27. Bd2 Nd5 28. a4 Bf6 29. b3 Kf7 30. g3 Ke6 31. Kg2 Ne7 32. Kf2 Nc6 33. Ke2 Kd5 34. Be1 b5 35. axb5 axb5 36. Bd2 Nd8 37. Be1 Ne6 38. Bd2 h6 39. h4 Bd8 40. Ne5 g5 41. Nf7 gxh4 42. Nxh6 Ng7 43. g4 fxg4 44. Nxg4 Nf5 45. Kf3 h3 46. Be1 c4 47. bxc4+ bxc4 48. dxc4+ Kxc4 49. Ne5+ Kd5 50. Bf2 Bc7 51. Ng4 Bb8 52. c3 dxc3 53. Ne3+ Ke6 54. Nc2 Bxf4 55. Be1 Be5 56. Nb4 Nd4+ 57. Kf2 c2 58. Nxc2 Nxc2 59. Bd2 Kf5 60. Kg1 Kg4 61. Kh1 Kf3 62. Bg5 Nb4 63. Bh4 Nd3 64. Kg1 Bg3 65. Bg5 h2+ 66. Kh1 Nf2# 0-1

[Event "Baden CupT finale"]
[Site "Baden"]
[Date "2016.07.16"]
[Round "4.4"]
[White "Schrepp, Martin"]
[Black "Bohnert, Dominik"]
[Result "1-0"]
[WhiteElo "2150"]
[BlackElo "2039"]
[PlyCount "80"]
[EventDate "2016.05.01"]
[EventType "team-k.o."]
[EventRounds "5"]
[EventCountry "GER"]
[SourceTitle "EXT 2018"]
[Source "ChessBase"]
[SourceDate "2017.10.13"]
[SourceVersion "1"]
[SourceVersionDate "2017.10.13"]
[SourceQuality "1"]
[WhiteTeam "Ladenburg"]
[BlackTeam "Sasbach"]
[WhiteTeamCountry "GER"]
[BlackTeamCountry "GER"]

1. Nf3 c5 2. g3 b5 3. Bg2 Bb7 4. 0-0 e6 5. d3 Nf6 6. e4 d6 7. Nc3 a6 8. h3 Nbd7 9. Nh2 Qc7 10. f4 Be7 11. Ne2 Nb6 12. g4 h6 13. Nf3 Nfd7 14. Ng3 0-0-0 15. Qe2 Rde8 16. Bd2 g6 17. Rae1 Rhg8 18. e5 g5 19. fxg5 hxg5 20. exd6 Bxd6 21. Ne4 Bxe4 22. Qxe4 Bg3 23. Nxg5 Bxe1 24. Rxe1 Nd5 25. c4 f5 26. gxf5 N7f6 27. Qf3 bxc4 28. dxc4 exf5 29. Rxe8+ Rxe8 30. cxd5 Qd7 31. Qd3 Kb7 32. d6+ Ka7 33. Be3 Rc8 34. b4 Qa4 35. bxc5 Ne4 36. Nxe4 fxe4 37. Qxe4 Qd1+ 38. Kh2 Rb8 39. c6+ Rb6 40. Bxb6+ Kxb6 1-0

[Event "Verbandsliga Suedbaden 1516"]
[Site "Baden"]
[Date "2016.02.14"]
[Round "6.4"]
[White "Bohnert, Dominik"]
[Black "Schulz, Vladimir"]
[Result "0-1"]
[WhiteElo "2028"]
[BlackElo "2164"]
[PlyCount "56"]
[EventDate "2015.09.27"]
[EventType "team-tourn"]
[EventRounds "9"]
[EventCountry "GER"]
[SourceTitle "EXT 2022"]
[Source "ChessBase"]
[SourceDate "2021.10.06"]
[SourceVersion "1"]
[SourceVersionDate "2021.10.06"]
[SourceQuality "1"]
[WhiteTeam "Sasbach"]
[BlackTeam "Baden Baden IV"]
[WhiteTeamCountry "GER"]
[BlackTeamCountry "GER"]

1. b3 e5 2. Bb2 Nc6 3. e3 a6 4. Ne2 d5 5. d4 Bd6 6. c4 exd4 7. Nxd4 Nxd4 8. Qxd4 Bb4+ 9. Bc3 Bxc3+ 10. Nxc3 dxc4 11. Qxg7 Qf6 12. Qxf6 Nxf6 13. Bxc4 Be6 14. Bxe6 fxe6 15. Rd1 b5 16. Ke2 Ke7 17. e4 b4 18. Na4 Rhg8 19. Kf3 Raf8 20. Ke2 Nxe4 21. f4 Rxf4 22. g3 Rf5 23. Rd4 Re5 24. Rg1 Ng5+ 25. Kf2 Rf8+ 26. Kg2 Re2+ 27. Kh1 Nf3 28. Rgd1 Rxh2# 0-1

[Event "Verbandsliga Suedbaden 1516"]
[Site "Baden"]
[Date "2015.11.22"]
[Round "3.4"]
[White "Bohnert, Dominik"]
[Black "Steiger, Wolfgang"]
[Result "0-1"]
[WhiteElo "2028"]
[BlackElo "2272"]
[PlyCount "142"]
[EventDate "2015.09.27"]
[EventType "team-tourn"]
[EventRounds "9"]
[EventCountry "GER"]
[SourceTitle "EXT 2022"]
[Source "ChessBase"]
[SourceDate "2021.10.06"]
[SourceVersion "1"]
[SourceVersionDate "2021.10.06"]
[SourceQuality "1"]
[WhiteTeam "Sasbach"]
[BlackTeam "Gottmadingen"]
[WhiteTeamCountry "GER"]
[BlackTeamCountry "GER"]

1. b3 e5 2. Bb2 d6 3. e3 Nf6 4. Ne2 g6 5. f4 Bg7 6. fxe5 Nfd7 7. Nbc3 Nxe5 8. Nf4 0-0 9. Be2 Nbc6 10. 0-0 Ne7 11. d4 N5c6 12. Bf3 Nf5 13. Ncd5 Nce7 14. e4 Nxd5 15. Nxd5 Ne7 16. Nxe7+ Qxe7 17. Qd2 Qh4 18. Rae1 Be6 19. c4 a5 20. g3 Qd8 21. d5 Bd7 22. e5 dxe5 23. Bxe5 Bxe5 24. Rxe5 Qf6 25. Qf4 Qxf4 26. gxf4 Rfe8 27. Rfe1 Kf8 28. Rxe8+ Rxe8 29. Rxe8+ Kxe8 30. a3 Ke7 31. c5 h6 32. h4 Kf6 33. Kf2 Kf5 34. Ke3 Bb5 35. b4 axb4 36. axb4 Bd7 37. Be2 Kf6 38. Bf1 Bg4 39. b5 Ke7 40. Bd3 Bh3 41. Kd4 Bg2 42. Be2 b6 43. Bc4 f6 44. Bd3 g5 45. hxg5 fxg5 46. fxg5 hxg5 47. cxb6 cxb6 48. Ke5 Bf3 49. Bf5 Be2 50. d6+ Kd8 51. Be6 Bxb5 52. Kf6 Bd7 53. Bd5 g4 54. Kg5 Kc8 55. Kf4 Kd8 56. Bc4 Ke8 57. Bd5 Kf8 58. Ke4 Ke8 59. Kf4 b5 60. Ke4 Kd8 61. Ke3 Kc8 62. Kd4 g3 63. Ke3 Bh3 64. Bc6 b4 65. Ba4 g2 66. Kf2 Kd8 67. Kg1 Bd7 68. Bb3 Bc6 69. Be6 Bd7 70. Bb3 Bh3 71. Kh2 Kd7 0-1

[Event "Verbandsliga Suedbaden 1415"]
[Site "Baden"]
[Date "2015.02.08"]
[Round "6.4"]
[White "Bohnert, Dominik"]
[Black "Feiler, Juergen"]
[Result "0-1"]
[WhiteElo "2003"]
[BlackElo "2103"]
[PlyCount "48"]
[EventDate "2014.10.12"]
[EventType "team-tourn"]
[EventRounds "9"]
[EventCountry "GER"]
[SourceTitle "EXT 2022"]
[Source "ChessBase"]
[SourceDate "2021.10.06"]
[SourceVersion "1"]
[SourceVersionDate "2021.10.06"]
[SourceQuality "1"]
[WhiteTeam "Sasbach"]
[BlackTeam "Baden Baden IV"]
[WhiteTeamCountry "GER"]
[BlackTeamCountry "GER"]

1. b3 Nf6 2. Bb2 e6 3. e3 d5 4. f4 c5 5. Nf3 Nc6 6. Bb5 Bd7 7. 0-0 Be7 8. d3 Qb6 9. Bxc6 Bxc6 10. Qe1 c4 11. Bd4 Bc5 12. Nbd2 cxd3 13. cxd3 Bb5 14. Bxc5 Qxc5 15. Ne5 0-0 16. Ndf3 Rfc8 17. Rc1 Qa3 18. Qd2 b6 19. Nd4 Be8 20. Rc2 Rc5 21. Rfc1 Rac8 22. h3 a5 23. Nec6 Bxc6 24. Nxc6 R8xc6 0-1

[Event "GER-chT U16"]
[Site "Lingen"]
[Date "2013.12.29"]
[Round "6.3"]
[White "Bohnert, Dominik"]
[Black "Van Klev, Fabian"]
[Result "1/2-1/2"]
[WhiteElo "1976"]
[BlackElo "1748"]
[PlyCount "102"]
[EventDate "2013.12.27"]
[EventType "team-swiss"]
[EventRounds "7"]
[EventCountry "GER"]
[SourceTitle "EXT 2015"]
[Source "ChessBase"]
[SourceDate "2014.11.20"]
[SourceVersion "1"]
[SourceVersionDate "2014.11.20"]
[SourceQuality "1"]
[WhiteTeam "Sasbach"]
[BlackTeam "Brackel"]
[WhiteTeamCountry "GER"]
[BlackTeamCountry "GER"]

1. e4 d6 2. Bc4 Nf6 3. d3 g6 4. Nc3 Bg7 5. f4 c6 6. Nf3 d5 7. exd5 cxd5 8. Bb5+ Nc6 9. Bxc6+ bxc6 10. 0-0 0-0 11. d4 Bg4 12. Ne2 Bxf3 13. Rxf3 Ne4 14. f5 Qb6 15. c3 e5 16. fxe6 fxe6 17. Rxf8+ Rxf8 18. Qc2 c5 19. Be3 cxd4 20. cxd4 Nd6 21. b3 Rc8 22. Qd2 Nf5 23. Rc1 Rxc1+ 24. Qxc1 Nxe3 25. Qxe3 e5 26. Qf3 e4 27. Qe3 a5 28. Qc3 h5 29. Qc5 Qxc5 30. dxc5 Kf7 31. Nf4 d4 32. c6 Ke7 33. c7 Kd7 34. Ne6 Be5 35. Nc5+ Kxc7 36. Nxe4 Kc6 37. Kf2 Kb5 38. h3 Kb4 39. Ke2 Ka3 40. Kd3 Kxa2 41. Nd2 Bf6 42. Nc4 Kxb3 43. Nxa5+ Kb4 44. Nc4 Kc5 45. Nd2 Kd5 46. Nf3 g5 47. g3 g4 48. hxg4 hxg4 49. Nh2 Be5 50. Nxg4 Bxg3 51. Nh6 Be5 1/2-1/2

[Event "GER-chT U16"]
[Site "Lingen"]
[Date "2013.12.28"]
[Round "3.3"]
[White "Fieberg, Samuel"]
[Black "Bohnert, Dominik"]
[Result "1-0"]
[WhiteElo "1963"]
[BlackElo "1976"]
[PlyCount "131"]
[EventDate "2013.12.27"]
[EventType "team-swiss"]
[EventRounds "7"]
[EventCountry "GER"]
[SourceTitle "EXT 2015"]
[Source "ChessBase"]
[SourceDate "2014.11.20"]
[SourceVersion "1"]
[SourceVersionDate "2014.11.20"]
[SourceQuality "1"]
[WhiteTeam "Koeln Porz"]
[BlackTeam "Sasbach"]
[WhiteTeamCountry "GER"]
[BlackTeamCountry "GER"]

1. e4 c5 2. Nf3 Nc6 3. d4 cxd4 4. Nxd4 g6 5. Nc3 Bg7 6. Be3 Nf6 7. Be2 0-0 8. 0-0 d5 9. exd5 Nxd5 10. Nxd5 Qxd5 11. Bf3 Qd7 12. Nxc6 bxc6 13. Qxd7 Bxd7 14. Rad1 Bf5 15. c3 Rfc8 16. Bc5 Bf6 17. Rfe1 Be6 18. g3 Rab8 19. Rd2 Bg5 20. Rc2 Bxa2 21. b4 Bd5 22. Bxd5 cxd5 23. Re5 Bf6 24. Rxd5 a5 25. Rdd2 Rc7 26. Kf1 Rbc8 27. Rd3 Rb7 28. Ra2 axb4 29. cxb4 e6 30. Ra7 Rxa7 31. Bxa7 Rc7 32. Be3 Rb7 33. Rb3 Rb5 34. Ke2 Be7 35. Bd2 Kf8 36. Kd3 Rd5+ 37. Kc2 Rb5 38. Kc3 Ke8 39. Kc4 Rd5 40. Rd3 Rxd3 41. Kxd3 Kd7 42. Kc4 Kc6 43. b5+ Kd7 44. Be3 Bd6 45. Bc5 Be5 46. f4 Bb8 47. Bf8 h5 48. Bg7 h4 49. Be5 hxg3 50. hxg3 Ba7 51. Bd4 Bb8 52. Kc5 g5 53. Be5 gxf4 54. gxf4 Bc7 55. b6 Bd8 56. b7 Bc7 57. b8Q Bxb8 58. Bxb8 f6 59. Bd6 Ke8 60. Kc6 Kd8 61. Bc5 Ke8 62. Kd6 Kf7 63. Kd7 e5 64. f5 Kg8 65. Ke7 Kg7 66. Be3 1-0

[Event "GER-chT U16"]
[Site "Lingen"]
[Date "2013.12.27"]
[Round "1.3"]
[White "Bohnert, Dominik"]
[Black "Walter, Daniel"]
[Result "1-0"]
[WhiteElo "1976"]
[BlackElo "1271"]
[PlyCount "55"]
[EventDate "2013.12.27"]
[EventType "team-swiss"]
[EventRounds "7"]
[EventCountry "GER"]
[SourceTitle "EXT 2015"]
[Source "ChessBase"]
[SourceDate "2014.11.20"]
[SourceVersion "1"]
[SourceVersionDate "2014.11.20"]
[SourceQuality "1"]
[WhiteTeam "Sasbach"]
[BlackTeam "Sontheim/Brenz"]
[WhiteTeamCountry "GER"]
[BlackTeamCountry "GER"]

1. e4 Nf6 2. e5 Nd5 3. Nc3 Nb6 4. Nf3 d6 5. d4 g6 6. Bf4 Bg7 7. exd6 exd6 8. h3 0-0 9. Bd3 Re8+ 10. Ne2 Nc6 11. c3 f5 12. 0-0 d5 13. Rc1 Bf6 14. b3 Be6 15. Qd2 Bf7 16. Ng5 Qd7 17. h4 Be6 18. Kh2 Rad8 19. Rh1 h5 20. Rhe1 Qg7 21. Ng3 Bc8 22. Rxe8+ Rxe8 23. Re1 Re7 24. Re2 a6 25. Qe1 Rxe2 26. Qxe2 Bd8 27. Qe8+ Qf8 28. Qxg6+ 1-0

[Event "Baden-Baden Grenke op 1st"]
[Site "Baden-Baden"]
[Date "2013.02.15"]
[Round "9"]
[White "Fichter, Fabian"]
[Black "Bohnert, Dominik"]
[Result "1-0"]
[WhiteElo "2071"]
[BlackElo "1938"]
[PlyCount "87"]
[EventDate "2013.02.07"]
[EventType "swiss"]
[EventRounds "9"]
[EventCountry "GER"]
[SourceTitle "CBM 152 Extra"]
[Source "ChessBase"]
[SourceDate "2013.02.25"]
[SourceVersion "1"]
[SourceVersionDate "2013.02.25"]
[SourceQuality "1"]

1. e4 e5 2. Nf3 Nc6 3. Bb5 a6 4. Bxc6 dxc6 5. h3 h5 6. d3 Qe7 7. Nbd2 f6 8. Nb3 Be6 9. Be3 0-0-0 10. Qe2 g5 11. 0-0-0 Bxb3 12. axb3 c5 13. Nd2 Qe6 14. Nc4 b5 15. Nd2 Kb7 16. Nb1 Ra8 17. Nc3 Bd6 18. h4 g4 19. f3 gxf3 20. Qxf3 Nh6 21. Bxh6 Rxh6 22. Rdf1 Rg8 23. g3 c6 24. Ne2 Qg4 25. Qxg4 Rxg4 26. Rf5 Kc7 27. Rhf1 Rgg6 28. Kd2 Kb7 29. R5f3 a5 30. Nc3 Bc7 31. Nd1 Kb6 32. Ne3 Kb7 33. Ke2 Kb6 34. Rh1 Kb7 35. g4 hxg4 36. Rg3 Kc8 37. Rxg4 Bd8 38. Rhg1 Rxg4 39. Rxg4 Rh7 40. Nf5 Kd7 41. Rg8 Be7 42. Kf3 Ke6 43. Re8 Kd7 44. Rxe7+ 1-0

[Event "GER-chT U12"]
[Site "Gross Doelln"]
[Date "2010.12.28"]
[Round "4.2"]
[White "Bohnert, Dominik"]
[Black "Mager, Denis"]
[Result "0-1"]
[WhiteElo "1425"]
[BlackElo "1780"]
[PlyCount "122"]
[EventDate "2010.12.27"]
[EventType "team-swiss"]
[EventRounds "7"]
[EventCountry "GER"]
[SourceTitle "CBM 140 Extra"]
[Source "ChessBase"]
[SourceDate "2011.03.01"]
[SourceVersion "1"]
[SourceVersionDate "2011.03.01"]
[SourceQuality "1"]
[WhiteTeam "Sasbach U12"]
[BlackTeam "Frankfurt Makkabi U12"]
[WhiteTeamCountry "GER"]
[BlackTeamCountry "GER"]

1. e4 c5 2. Nf3 Nc6 3. d4 cxd4 4. Nxd4 e5 5. Nf3 Nf6 6. Bd3 Bc5 7. Nc3 d6 8. Bg5 Qb6 9. Bxf6 gxf6 10. Nd5 Qd8 11. Qd2 Be6 12. Bc4 Bxd5 13. Bxd5 Qc7 14. 0-0-0 0-0-0 15. Kb1 Qd7 16. Qe2 f5 17. Ng5 Rdf8 18. f3 h6 19. Nxf7 Rxf7 20. Bxf7 Qxf7 21. Rd3 Nd4 22. Qe1 Rg8 23. c3 Qc4 24. Rd2 Nb5 25. exf5 Qf4 26. f6 Qxf6 27. Qe4 Qe6 28. Qd5 Qxd5 29. Rxd5 Rxg2 30. a4 Nc7 31. Rdd1 Kd7 32. b4 Be3 33. Rde1 Bd2 34. Reg1 Rf2 35. Rg4 Kd8 36. Rhg1 Rxf3 37. Rg8+ Ne8 38. R1g7 Rxc3 39. Rxb7 Rc8 40. Rh8 e4 41. Rhh7 Nc7 42. b5 e3 43. Rh8+ Kd7 44. Rh7+ Ke6 45. Rhxc7 Rxc7 46. Rxc7 e2 47. Rc8 e1Q+ 48. Kb2 Qe5+ 49. Kb1 Qe4+ 50. Kb2 Qxa4 51. Rc2 Qxb5+ 52. Ka1 Bf4 53. h4 Be5+ 54. Ka2 d5 55. h5 d4 56. Rb2 Qc4+ 57. Ka3 Bd6+ 58. Rb4 Bxb4+ 59. Ka4 Bc3+ 60. Ka3 Qb4+ 61. Ka2 Qb2# 0-1

[Event "GER-chT U12"]
[Site "Gross Doelln"]
[Date "2010.12.27"]
[Round "2.2"]
[White "Schamschurko, Andre"]
[Black "Bohnert, Dominik"]
[Result "0-1"]
[WhiteElo "1460"]
[BlackElo "1425"]
[PlyCount "76"]
[EventDate "2010.12.27"]
[EventType "team-swiss"]
[EventRounds "7"]
[EventCountry "GER"]
[SourceTitle "CBM 140 Extra"]
[Source "ChessBase"]
[SourceDate "2011.03.01"]
[SourceVersion "1"]
[SourceVersionDate "2011.03.01"]
[SourceQuality "1"]
[WhiteTeam "Dresden USV TU U12"]
[BlackTeam "Sasbach U12"]
[WhiteTeamCountry "GER"]
[BlackTeamCountry "GER"]

1. e4 e5 2. Nf3 Nc6 3. Bb5 a6 4. Ba4 Nf6 5. 0-0 Be7 6. Re1 b5 7. Bb3 0-0 8. h3 d5 9. exd5 Nxd5 10. Nxe5 Nxe5 11. Rxe5 Nf6 12. Nc3 Bd6 13. Re1 c5 14. a4 b4 15. Qf3 Be6 16. Ne4 Nxe4 17. Rxe4 Bxb3 18. Qxb3 Qd7 19. Qe3 Rfe8 20. g3 Rxe4 21. Qxe4 Re8 22. Qg2 Qf5 23. d3 Re1+ 24. Kh2 h5 25. f4 Qe6 26. Qa8+ Kh7 27. Qf3 g6 28. b3 c4 29. dxc4 Re2+ 30. Kg1 Bc5+ 31. Kf1 Re1+ 32. Kg2 Rh1 33. g4 hxg4 34. hxg4 Rg1+ 35. Kh3 Qe1 36. Kh2 Qh4+ 37. Qh3 Rh1+ 38. Kxh1 Qxh3# 0-1

[Event "GER-ch U12"]
[Site "Oberhof"]
[Date "2010.05.28"]
[Round "10"]
[White "Bohnert, Dominik"]
[Black "Bykov, Ilya"]
[Result "0-1"]
[WhiteElo "1370"]
[BlackElo "1477"]
[PlyCount "120"]
[EventDate "2010.05.22"]
[EventType "swiss"]
[EventRounds "11"]
[EventCountry "GER"]
[SourceTitle "CBM 136 Extra"]
[Source "ChessBase"]
[SourceDate "2010.07.02"]
[SourceVersion "2"]
[SourceVersionDate "2010.07.15"]
[SourceQuality "1"]

1. e4 c5 2. Nf3 d6 3. d4 cxd4 4. Nxd4 Nf6 5. Nc3 g6 6. Be3 Bg7 7. f3 0-0 8. Qd2 Nc6 9. 0-0-0 d5 10. Nxc6 bxc6 11. e5 Nd7 12. f4 Qa5 13. a3 Rb8 14. Nb1 Qc7 15. h4 f6 16. e6 Nb6 17. f5 Qb7 18. Qb4 gxf5 19. Bc5 Re8 20. Re1 Nc4 21. Qxb7 Rxb7 22. Bxc4 dxc4 23. g3 a6 24. Nc3 Bh6+ 25. Kb1 Bd2 26. Bd4 c5 27. Bxc5 Bxc3 28. Re3 Bxb2 29. Ka2 Be5 30. Bb4 Bxe6 31. Bc3 Bd5 32. Rd1 Be4 33. Rd2 Bxc3 34. Rxc3 Reb8 35. Rd1 Rb2+ 36. Ka1 Rxc2 37. Rxc2 Bxc2 38. Rd2 Bd3 39. h5 h6 40. a4 Rb4 41. g4 fxg4 42. a5 Ra4+ 43. Kb2 Rxa5 44. Kc3 Rxh5 45. Rg2 f5 46. Kb4 e5 47. Kc3 Rh3 48. Kd2 e4 49. Ke1 c3 50. Rg1 c2 51. Kd2 Rh2+ 52. Kc1 Rf2 53. Kb2 e3 54. Re1 e2 55. Kc3 Rf1 56. Rxf1 exf1Q 57. Kb3 c1Q 58. Ka4 Qff4+ 59. Kb3 Qc2+ 60. Ka3 Qfa4# 0-1

[Event "GER-ch U12"]
[Site "Oberhof"]
[Date "2010.05.28"]
[Round "9"]
[White "Roehlich, Philipp"]
[Black "Bohnert, Dominik"]
[Result "0-1"]
[WhiteElo "1690"]
[BlackElo "1370"]
[PlyCount "102"]
[EventDate "2010.05.22"]
[EventType "swiss"]
[EventRounds "11"]
[EventCountry "GER"]
[SourceTitle "CBM 136 Extra"]
[Source "ChessBase"]
[SourceDate "2010.07.02"]
[SourceVersion "2"]
[SourceVersionDate "2010.07.15"]
[SourceQuality "1"]

1. e4 e5 2. Nf3 Nc6 3. Bc4 Bc5 4. c3 Nf6 5. b4 Bb6 6. d3 d6 7. a4 a6 8. Nbd2 0-0 9. 0-0 Bg4 10. Bb3 h6 11. Nc4 Ba7 12. Ra2 b5 13. Ne3 Bh5 14. Nf5 Ne7 15. Ng3 Bg6 16. a5 d5 17. Nxe5 dxe4 18. Nxg6 Nxg6 19. dxe4 Qe7 20. Re1 Rad8 21. Qe2 Ne5 22. Nf5 Qe8 23. Ne3 Nd3 24. Rd1 Nxc1 25. Rxc1 Nxe4 26. Rac2 Qd7 27. h3 Rfe8 28. Ra1 Nxf2 29. Kxf2 Rxe3 30. Qxe3 Bxe3+ 31. Kxe3 Qd3+ 32. Kf2 Re8 33. Kg1 Qg3 34. Rf1 Re1 35. Rxe1 Qxe1+ 36. Kh2 Qb1 37. Re2 Qxb3 38. Re8+ Kh7 39. Ra8 Qe6 40. Ra7 Qf6 41. Kg1 Qxc3 42. Rxa6 Qxb4 43. Ra8 c5 44. a6 Qa4 45. a7 b4 46. Kf1 b3 47. Rb8 Qxa7 48. Rxb3 c4 49. Rb1 c3 50. Rc1 Qa3 51. Rc2 Qb2 0-1

[Event "GER-ch U12"]
[Site "Oberhof"]
[Date "2010.05.26"]
[Round "6"]
[White "Kluge, Leyla"]
[Black "Bohnert, Dominik"]
[Result "0-1"]
[WhiteElo "1199"]
[BlackElo "1370"]
[PlyCount "112"]
[EventDate "2010.05.22"]
[EventType "swiss"]
[EventRounds "11"]
[EventCountry "GER"]
[SourceTitle "CBM 136 Extra"]
[Source "ChessBase"]
[SourceDate "2010.07.02"]
[SourceVersion "2"]
[SourceVersionDate "2010.07.15"]
[SourceQuality "1"]

1. c4 c5 2. Nc3 Nf6 3. g3 d5 4. cxd5 Nxd5 5. Bg2 Nc7 6. Nf3 Nc6 7. 0-0 e5 8. d3 Be7 9. Bd2 f6 10. Ne1 Bd7 11. f4 0-0 12. Nf3 Rb8 13. Ne4 Nd5 14. fxe5 fxe5 15. Qc1 b6 16. Bg5 Bxg5 17. Qxg5 Qxg5 18. Nexg5 Ne3 19. Rfc1 h6 20. Ne4 Be6 21. Nd6 Nd4 22. Nxd4 exd4 23. Nc4 Bxc4 24. dxc4 Rf7 25. Bd5 Nxd5 26. cxd5 Rd8 27. Rd1 Rxd5 28. e4 Re5 29. Re1 Rfe7 30. Kf2 Rxe4 31. Rxe4 Rxe4 32. Kf3 Re3+ 33. Kf2 Kf7 34. Rd1 Kf6 35. Rg1 Ke5 36. Rd1 Kd5 37. Rd2 b5 38. Rc2 a5 39. Rc1 c4 40. Rc2 Ke4 41. Kg2 Kd3 42. Rc1 Re2+ 43. Kf3 Rxb2 44. Rd1+ Rd2 45. Rb1 b4 46. h4 c3 47. Rb3 Rb2 48. g4 Rxb3 49. axb3 c2 50. Kg3 c1Q 51. Kh3 Qe3+ 52. Kg2 Qe2+ 53. Kg3 Ke3 54. g5 Qf2+ 55. Kh3 Kf3 56. gxh6 Qg3# 0-1

[Event "GER-ch U12"]
[Site "Oberhof"]
[Date "2010.05.24"]
[Round "3"]
[White "Bohnert, Dominik"]
[Black "Peters, Tom"]
[Result "0-1"]
[WhiteElo "1370"]
[BlackElo "1551"]
[PlyCount "82"]
[EventDate "2010.05.22"]
[EventType "swiss"]
[EventRounds "11"]
[EventCountry "GER"]
[SourceTitle "CBM 136 Extra"]
[Source "ChessBase"]
[SourceDate "2010.07.02"]
[SourceVersion "2"]
[SourceVersionDate "2010.07.15"]
[SourceQuality "1"]

1. e4 c5 2. Nf3 Nc6 3. d4 cxd4 4. Nxd4 g6 5. Nc3 Bg7 6. Be3 Nf6 7. f3 0-0 8. Qd2 d5 9. 0-0-0 e6 10. h4 Re8 11. Bb5 Bd7 12. Bxc6 bxc6 13. e5 Nh5 14. g4 Ng3 15. Rh3 Bxe5 16. f4 Bh8 17. Rxg3 c5 18. h5 cxd4 19. Bxd4 f6 20. h6 Rc8 21. g5 e5 22. fxe5 fxe5 23. Bxa7 d4 24. Qf2 Bf5 25. Qf1 Qa5 26. Kb1 Qxa7 27. Rf3 Rf8 28. Ne4 Bxe4 29. Rxf8+ Rxf8 30. Qc4+ Qf7 31. Qb5 Bf5 32. a4 Rc8 33. Rd2 e4 34. a5 e3 35. Re2 Qc4 36. Qb7 Bxc2+ 37. Rxc2 Qxc2+ 38. Ka2 Qc6 39. Qa7 e2 40. a6 Qa4+ 41. Kb1 e1R# 0-1